000 01143nam#a22003375a#4500
001 1391
008 100809s2010####ag#a###g######001#0bspa#d
245 1 0 _aGrandes Biografías de los 200 Años :
_bJuan Bautista Alberdi /
_cedición literaria a cargo de José Alemán ; editado por Ricardo Kirschbaum ; dirigido por Ernestina Herrera de Noble.
250 _a1ª ed.
260 _aBuenos Aires :
_bArte Gráfico Editorial Argentino,
_c2010.
300 _a64 p. :
_bil. col. ;
_c28 cm.
490 0 _aBicentenario ;
_vno. 6
500 _aIncluye un DVD interactivo.
020 _a9789870708421
100 1 _aAlemán, José,
_eeditor.
_4edt
700 1 _aKirschbaum, Ricardo,
_deditor.
_4edt
700 1 _aHerrera de Noble, Ernestina,
_edirector.
_4drt
080 _a929(82)
084 _aG79
653 _aBiografías argentinas
653 _aAlberdi, Juan Bautista
653 _aGeneración del 37
653 _aLiteratura argentina
653 _aBloqueo anglo-francés
653 _aRomanticismo
653 _aConfederación argentina
040 _aAR-ClEAG
_cAR-ClEAG
005 20241107184707.0
003 AR-ClEAG
942 _cBK
999 _c1391
_d1391
980 _62
_aEvangelina Gallicchio
_82
_gEvangelina Gallicchio